[Event "Varna op 7th"]
[Site "Varna"]
[Date "2013.06.21"]
[Round "3"]
[White "Lilov, Valeri"]
[Black "Nikolov, Momchil"]
[Result "1/2-1/2"]
[WhiteElo "2434"]
[BlackElo "2538"]
[PlyCount "66"]
[EventDate "2013.06.19"]
[EventType "swiss"]
[EventRounds "9"]
[EventCountry "BUL"]
[SourceTitle "CBM 155 Extra"]
[Source "ChessBase"]
[SourceDate "2013.08.26"]
[SourceVersion "1"]
[SourceVersionDate "2013.08.26"]
[SourceQuality "1"]

1. c4 Nf6 2. Nc3 c5 3. e4 Nc6 4. g3 g6 5. Bg2 Bg7 6. Nge2 0-0 7. 0-0 d6 8. d3 Ne8 9. Be3 Nd4 10. Rb1 Nc7 11. b4 b6 12. a3 Bb7 13. Qd2 Qd7 14. Bh6 e5 15. Bxg7 Nxe2+ 16. Qxe2 Kxg7 17. f4 f6 18. f5 g5 19. Rb2 Na6 20. Rfb1 cxb4 21. axb4 Nb8 22. b5 Qc7 23. Ra2 Nd7 24. Rba1 Qb8 25. Ra3 Nc5 26. Bf1 a5 27. bxa6 Rxa6 28. Rxa6 Bxa6 29. Rb1 Bb7 30. Qb2 Nd7 31. Be2 Qc7 32. Kg2 Ra8 33. Bd1 Bc6 1/2-1/2

[Event "Golden Sands Europe op 2nd"]
[Site "Golden Sands"]
[Date "2013.06.13"]
[Round "4"]
[White "Lilov, Valeri"]
[Black "Chatalbashev, Boris"]
[Result "1-0"]
[WhiteElo "2434"]
[BlackElo "2560"]
[PlyCount "83"]
[EventDate "2013.06.10"]
[EventType "swiss"]
[EventRounds "9"]
[EventCountry "BUL"]
[SourceTitle "CBM 154 Extra"]
[Source "ChessBase"]
[SourceDate "2013.06.25"]
[SourceVersion "2"]
[SourceVersionDate "2013.06.25"]
[SourceQuality "1"]

1. c4 Nf6 2. Nc3 g6 3. g3 Bg7 4. Bg2 0-0 5. d3 d6 6. e4 c6 7. Nge2 a6 8. a4 a5 9. 0-0 e5 10. h3 Na6 11. Be3 Re8 12. Qd2 Nc5 13. Rad1 Qe7 14. f4 exf4 15. Bxf4 Bd7 16. Rf2 Rad8 17. Bh6 Nb3 18. Qe3 Bxh6 19. Qxh6 Be6 20. Rdf1 Nd7 21. g4 Qf8 22. Qh4 Qg7 23. g5 Ndc5 24. Qg3 Nd4 25. Qe3 Nc2 26. Qd2 Nb4 27. Nf4 Nb3 28. Qd1 Nd4 29. Qd2 Qe5 30. Qe3 d5 31. cxd5 cxd5 32. Qg3 Ndc6 33. Qh4 Ne7 34. Nxe6 fxe6 35. Rf7 Qh8 36. R1f6 Nxd3 37. exd5 Nxd5 38. Nxd5 exd5 39. Qh6 Nb4 40. Rxb7 Rd6 41. Re7 Rc8 42. Rff7 1-0

[Event "Plovdiv Tringov Memorial 35th"]
[Site "Plovdiv"]
[Date "2013.02.07"]
[Round "6"]
[White "Lilov, Valeri"]
[Black "Deac, Bogdan Daniel"]
[Result "1-0"]
[WhiteElo "2433"]
[BlackElo "2117"]
[PlyCount "51"]
[EventDate "2013.02.03"]
[EventType "swiss"]
[EventRounds "9"]
[EventCountry "BUL"]
[SourceTitle "CBM 152 Extra"]
[Source "ChessBase"]
[SourceDate "2013.02.25"]
[SourceVersion "1"]
[SourceVersionDate "2013.02.25"]
[SourceQuality "1"]

1. c4 Nf6 2. Nc3 g6 3. g3 Bg7 4. Bg2 0-0 5. d3 d6 6. e4 c5 7. Nge2 Nc6 8. 0-0 Ne8 9. Be3 Nc7 10. d4 cxd4 11. Nxd4 Ne6 12. Nxc6 bxc6 13. Qd2 Bb7 14. Bh6 c5 15. Bxg7 Kxg7 16. Ne2 Qb6 17. Rad1 Bc6 18. f4 Qb7 19. f5 gxf5 20. Rxf5 Bxe4 21. Rh5 Rh8 22. Qh6+ Kg8 23. Rh4 Qxb2 24. Rxe4 Rb8 25. Rg4+ Ng7 26. Nd4 1-0

[Event "Golden Sands Europe op 1st"]
[Site "Golden Sands"]
[Date "2012.06.09"]
[Round "6"]
[White "Lilov, Valeri"]
[Black "Nevednichy, Vladislav"]
[Result "1-0"]
[WhiteElo "2430"]
[BlackElo "2553"]
[PlyCount "81"]
[EventDate "2012.06.04"]
[EventType "swiss"]
[EventRounds "9"]
[EventCountry "BUL"]
[SourceTitle "CBM 148 Extra"]
[Source "ChessBase"]
[SourceDate "2012.06.22"]
[SourceVersion "1"]
[SourceVersionDate "2012.06.22"]
[SourceQuality "1"]

1. c4 g6 2. Nc3 Bg7 3. g3 Nf6 4. Bg2 0-0 5. d3 d6 6. e4 c6 7. Nge2 a6 8. 0-0 b5 9. h3 e5 10. Be3 b4 11. Nb1 c5 12. Nd2 Nc6 13. f4 exf4 14. e5 Nh5 15. Bxc6 fxe3 16. g4 Ra7 17. Nf3 dxe5 18. gxh5 Bxh3 19. Ng3 Bxf1 20. Qxf1 Rc7 21. Bd5 Rd7 22. hxg6 hxg6 23. Qh3 Rxd5 24. cxd5 f5 25. d6 Kf7 26. Rf1 Rh8 27. Qg2 e2 28. Nxe2 Qf6 29. Nd2 Qxd6 30. Qb7+ Kg8 31. Rf3 e4 32. Rg3 Bd4+ 33. Kg2 exd3 34. Nxd4 cxd4 35. Nf3 a5 36. Ng5 Qf6 37. Qc8+ Kg7 38. Qb7+ Kh6 39. Nf7+ Kh5 40. Nxh8 Qxh8 41. Qe7 1-0

[Event "Plovdiv Tringov Memorial 34th"]
[Site "Plovdiv"]
[Date "2012.02.03"]
[Round "7"]
[White "Lilov, Valeri"]
[Black "Voiska, Margarita"]
[Result "1-0"]
[WhiteElo "2411"]
[BlackElo "2325"]
[PlyCount "91"]
[EventDate "2012.01.29"]
[EventType "swiss"]
[EventRounds "9"]
[EventCountry "BUL"]
[SourceTitle "CBM 146 Extra"]
[Source "ChessBase"]
[SourceDate "2012.02.29"]
[SourceVersion "1"]
[SourceVersionDate "2012.02.29"]
[SourceQuality "1"]

1. d4 Nf6 2. Nf3 e6 3. Bg5 d5 4. Nbd2 Be7 5. e3 Nbd7 6. Bd3 h6 7. Bh4 b6 8. c3 Bb7 9. Ne5 Nxe5 10. dxe5 Nd7 11. Bg3 0-0 12. Bf4 Bg5 13. Bg3 f5 14. exf6 Bxf6 15. Qg4 Re8 16. Nf3 e5 17. Bg6 Re7 18. Nh4 Nf8 19. Bc2 Kh8 20. 0-0-0 e4 21. f3 Qe8 22. fxe4 dxe4 23. Rhf1 Rd8 24. Rxd8 Qxd8 25. Nf5 Bc8 26. Qe2 Bxf5 27. Rxf5 Qe8 28. Rd5 Be5 29. Bxe5 Rxe5 30. Qd2 Re7 31. Rd8 Qf7 32. Qe2 Re8 33. Rxe8 Qxe8 34. Qc4 c5 35. Qxe4 Qf7 36. Qf4 Qe7 37. g3 g5 38. Qe4 Qf6 39. Qf5 Qe7 40. e4 c4 41. Qd5 Nd7 42. Qxc4 Ne5 43. Qc8+ Kg7 44. Bb3 Nd3+ 45. Kc2 Qxe4 46. Qd7+ 1-0

[Event "Plovdiv Tringov Memorial 34th"]
[Site "Plovdiv"]
[Date "2012.02.01"]
[Round "5"]
[White "Nikolov, Momchil"]
[Black "Lilov, Valeri"]
[Result "1/2-1/2"]
[WhiteElo "2560"]
[BlackElo "2411"]
[PlyCount "44"]
[EventDate "2012.01.29"]
[EventType "swiss"]
[EventRounds "9"]
[EventCountry "BUL"]
[SourceTitle "CBM 146 Extra"]
[Source "ChessBase"]
[SourceDate "2012.02.29"]
[SourceVersion "1"]
[SourceVersionDate "2012.02.29"]
[SourceQuality "1"]

1. d4 f5 2. Nf3 Nf6 3. c4 e6 4. g3 c6 5. Bg2 d5 6. 0-0 Bd6 7. b3 Qe7 8. a4 a5 9. Ba3 0-0 10. e3 b6 11. Ne5 Bb7 12. Bxd6 Qxd6 13. Qc2 Na6 14. Na3 Rac8 15. Qb2 Nb4 16. Rfd1 Qe7 17. Rac1 c5 18. Nb5 Rfd8 19. Na7 Ra8 20. Nb5 Rac8 21. Na7 Ra8 22. Nb5 Rac8 1/2-1/2

[Event "Plovdiv Tringov Memorial 34th"]
[Site "Plovdiv"]
[Date "2012.01.31"]
[Round "4"]
[White "Lilov, Valeri"]
[Black "Petkov, Vladimir"]
[Result "1-0"]
[WhiteElo "2411"]
[BlackElo "2519"]
[PlyCount "75"]
[EventDate "2012.01.29"]
[EventType "swiss"]
[EventRounds "9"]
[EventCountry "BUL"]
[SourceTitle "CBM 146 Extra"]
[Source "ChessBase"]
[SourceDate "2012.02.29"]
[SourceVersion "1"]
[SourceVersionDate "2012.02.29"]
[SourceQuality "1"]

1. d4 Nf6 2. Nf3 c5 3. d5 e6 4. Nc3 exd5 5. Nxd5 Nxd5 6. Qxd5 Nc6 7. Bg5 Qa5+ 8. Bd2 Qc7 9. Ng5 d6 10. Bf4 h6 11. Ne4 Be6 12. Qxc5 0-0-0 13. Qc3 Qb6 14. Be3 Qb5 15. a4 Qb4 16. Qxb4 Nxb4 17. 0-0-0 Bf5 18. Ng3 Bh7 19. Bxa7 d5 20. c3 Nc6 21. Bb6 Rd6 22. e3 Rf6 23. f4 g5 24. Rxd5 Bd6 25. Nh5 Re6 26. f5 Ne7 27. fxe6 Nxd5 28. Bd4 Rd8 29. exf7 Bg6 30. Ng7 Bxf7 31. Nf5 Bg6 32. Nxd6+ Rxd6 33. g3 Be4 34. Bh3+ Kd8 35. Rf1 Ra6 36. Rf8+ Kc7 37. Rc8+ Kd6 38. Bc5+ 1-0

[Event "Albena op 19th"]
[Site "Albena"]
[Date "2011.06.26"]
[Round "2"]
[White "Andronescu, Madalin"]
[Black "Lilov, Valeri"]
[Result "0-1"]
[WhiteElo "2077"]
[BlackElo "2412"]
[PlyCount "86"]
[EventDate "2011.06.25"]
[EventType "swiss"]
[EventRounds "9"]
[EventCountry "BUL"]
[SourceTitle "CBM 143 Extra"]
[Source "ChessBase"]
[SourceDate "2011.08.29"]
[SourceVersion "1"]
[SourceVersionDate "2011.08.29"]
[SourceQuality "1"]

1. d4 Nf6 2. c4 e6 3. Nc3 Bb4 4. Bg5 c5 5. Qd2 cxd4 6. Qxd4 Nc6 7. Qd3 Qa5 8. Bd2 Qh5 9. Nb5 0-0 10. Bxb4 Nxb4 11. Qd2 Qc5 12. Nd6 Nbd5 13. cxd5 Qxd6 14. dxe6 Qxd2+ 15. Kxd2 fxe6 16. Nf3 b6 17. e3 Bb7 18. Bd3 Ng4 19. Ke2 Rac8 20. Rac1 Bd5 21. h3 Nf6 22. a3 Bb7 23. Rhd1 Rfd8 24. g3 Kf8 25. Ng5 g6 26. f4 Ke7 27. h4 d6 28. Kf2 e5 29. Bb1 d5 30. Rxc8 Rxc8 31. Nf3 Ng4+ 32. Ke2 exf4 33. exf4 Kf6 34. Nd4 Re8+ 35. Kf3 Nh2+ 36. Kg2 Ng4 37. Kf3 h5 38. f5 gxf5 39. Bxf5 Ne5+ 40. Kf4 Nc4 41. g4 hxg4 42. Bxg4 Re4+ 43. Kg3 Rxg4+ 0-1

[Event "Plovdiv Bulgarian op 33rd"]
[Site "Plovdiv"]
[Date "2011.02.05"]
[Round "8"]
[White "Lilov, Valeri"]
[Black "Berescu, Alin Mile"]
[Result "1/2-1/2"]
[WhiteElo "2402"]
[BlackElo "2476"]
[PlyCount "99"]
[EventDate "2011.01.30"]
[EventType "swiss"]
[EventRounds "9"]
[EventCountry "BUL"]
[SourceTitle "CBM 140 Extra"]
[Source "ChessBase"]
[SourceDate "2011.03.01"]
[SourceVersion "1"]
[SourceVersionDate "2011.03.01"]
[SourceQuality "1"]

1. d4 Nf6 2. c4 e6 3. g3 c5 4. Nf3 cxd4 5. Nxd4 Qc7 6. e3 a6 7. b3 b5 8. Bg2 Bb7 9. Bxb7 Qxb7 10. 0-0 bxc4 11. bxc4 Nc6 12. Qb3 Na5 13. Qd3 Be7 14. Nd2 0-0 15. Ba3 Bxa3 16. Qxa3 Qc7 17. c5 Nc6 18. Nc4 Nxd4 19. exd4 Qc6 20. Rab1 Ra7 21. Rfd1 h5 22. h4 Qd5 23. Qd3 Ng4 24. Rb6 Nf6 25. a4 Qe4 26. Qxe4 Nxe4 27. Rd3 Rc8 28. Rdb3 Kf8 29. Kg2 Ke7 30. f3 Nf6 31. Nd6 Rd8 32. Rb8 Ra8 33. R8b7 Nd5 34. a5 Kf6 35. Nc4 Rac8 36. Ra7 Ra8 37. Rxa8 Rxa8 38. Rb7 Rd8 39. Kf2 Ne7 40. f4 Nf5 41. Ne5 Nxd4 42. Nxd7+ Kf5 43. Ne5 f6 44. Nf7 Rd5 45. Nd6+ Kg6 46. Rc7 Nb3 47. Nb7 e5 48. fxe5 Rxe5 49. Rc6 Kf5 50. Rxa6 1/2-1/2

[Event "BUL-chT-A 60th"]
[Site "Albena"]
[Date "2010.05.31"]
[Round "5.3"]
[White "Lilov, Valeri"]
[Black "Petkov, Vladimir"]
[Result "0-1"]
[WhiteElo "2415"]
[BlackElo "2498"]
[PlyCount "90"]
[EventDate "2010.05.27"]
[EventType "team-tourn"]
[EventRounds "7"]
[EventCountry "BUL"]
[SourceTitle "CBM 136 Extra"]
[Source "ChessBase"]
[SourceDate "2010.07.02"]
[SourceVersion "2"]
[SourceVersionDate "2010.07.15"]
[SourceQuality "1"]
[WhiteTeam "Lukoil Neftohimik"]
[BlackTeam "Plovdiv Lokomotiv"]
[WhiteTeamCountry "BUL"]
[BlackTeamCountry "BUL"]

1. e4 e5 2. Nf3 Nc6 3. Nc3 Nf6 4. Bb5 Bb4 5. 0-0 0-0 6. d3 Bxc3 7. bxc3 d6 8. Bg5 Qe7 9. Re1 Nd8 10. d4 Ne6 11. Bc1 c5 12. Bf1 Qc7 13. g3 Re8 14. d5 Nf8 15. Nh4 Ng6 16. Bg5 Nxh4 17. Bxh4 Nd7 18. f4 f6 19. Bb5 Qa5 20. Qd3 a6 21. Bxd7 Bxd7 22. f5 Qa4 23. g4 h6 24. Bf2 Kf7 25. Re3 Rh8 26. Kh1 Bb5 27. Qd1 Rag8 28. Bh4 Ke7 29. h3 Kd7 30. a3 Kc7 31. Kh2 Ra8 32. Qd2 a5 33. Ree1 Ra6 34. Qg2 Rb6 35. Rg1 Ra8 36. Kg3 Raa6 37. Kf3 Bc4 38. Rgc1 Rb2 39. Qd2 Rab6 40. Bf2 Ba2 41. h4 Bb1 42. g5 Bxc2 43. Qe3 Bxe4+ 44. Kg3 hxg5 45. hxg5 Bxd5 0-1

[Event "BUL-chT-A 60th"]
[Site "Albena"]
[Date "2010.05.29"]
[Round "3.2"]
[White "Lilov, Valeri"]
[Black "Popchev, Milko"]
[Result "0-1"]
[WhiteElo "2415"]
[BlackElo "2499"]
[PlyCount "156"]
[EventDate "2010.05.27"]
[EventType "team-tourn"]
[EventRounds "7"]
[EventCountry "BUL"]
[SourceTitle "CBM 136 Extra"]
[Source "ChessBase"]
[SourceDate "2010.07.02"]
[SourceVersion "2"]
[SourceVersionDate "2010.07.15"]
[SourceQuality "1"]
[WhiteTeam "Lukoil Neftohimik"]
[BlackTeam "Sofia Lokomotiv"]
[WhiteTeamCountry "BUL"]
[BlackTeamCountry "BUL"]

1. e4 b6 2. d4 Bb7 3. Bd3 Nc6 4. c3 e5 5. Nf3 exd4 6. cxd4 Nb4 7. 0-0 Nxd3 8. Qxd3 Ne7 9. Bf4 Ng6 10. Bg3 Be7 11. Nc3 0-0 12. d5 Re8 13. Rfe1 d6 14. Nb5 Bf6 15. Rac1 Re7 16. Nfd4 a6 17. Na3 Qd7 18. Nac2 a5 19. Nf5 Ree8 20. Ncd4 Bg5 21. Rcd1 Bf6 22. f4 a4 23. Qc2 Ra5 24. Nf3 Rc5 25. Qb1 Bc8 26. Bf2 Nxf4 27. Bxc5 bxc5 28. Ne3 Ng6 29. Nc4 Ba6 30. b3 Rb8 31. Qc2 Bxc4 32. Qxc4 axb3 33. axb3 h6 34. h3 Rb4 35. Qc2 Qb5 36. Rb1 Ne5 37. Nxe5 Bxe5 38. Kh1 Qd7 39. Re3 Qe7 40. Rf1 Qh4 41. Qe2 Bd4 42. Ref3 Be5 43. Re3 Qg5 44. Qf3 Qg6 45. Qe2 Bf6 46. Qd3 Rd4 47. Qa6 Kh7 48. Qc8 Rd2 49. g3 Bd4 50. Ref3 Qxe4 51. Qf5+ Qxf5 52. Rxf5 f6 53. R5f3 Be5 54. R1f2 Rxd5 55. Rc2 Rd4 56. Kg2 h5 57. Rc4 Rd1 58. Rc2 f5 59. Re3 Kg6 60. g4 hxg4 61. hxg4 Rb1 62. Kf3 Kf7 63. Rc4 Ke6 64. Ra4 Kd5 65. Rd3+ Kc6 66. Ra6+ Kb5 67. Ra7 Kb6 68. Ra8 Rf1+ 69. Kg2 Rf4 70. Ra4 Rxa4 71. bxa4 c4 72. Rd2 Ka5 73. Ra2 c3 74. Kf3 d5 75. Ke2 c5 76. Kd1 c4 77. Kc2 d4 78. Kd1 d3 0-1

[Event "Varna op 3rd"]
[Site "Varna"]
[Date "2009.06.17"]
[Round "7"]
[White "Parligras, Cosmin"]
[Black "Lilov, Valeri"]
[Result "1/2-1/2"]
[WhiteElo "2279"]
[BlackElo "2411"]
[PlyCount "64"]
[EventDate "2009.06.12"]
[EventType "swiss"]
[EventRounds "9"]
[EventCountry "BUL"]
[SourceTitle "CBM 130 Extra"]
[Source "ChessBase"]
[SourceDate "2009.07.02"]
[SourceVersion "2"]
[SourceVersionDate "2009.07.15"]
[SourceQuality "1"]

1. e4 c5 2. c3 e5 3. Nf3 Nc6 4. Bc4 Qc7 5. 0-0 Na5 6. Bd5 Nf6 7. d4 d6 8. dxe5 dxe5 9. Nxe5 Qxe5 10. Qa4+ Bd7 11. Qxa5 Nxd5 12. exd5 Bd6 13. f4 Qxd5 14. Re1+ Kf8 15. c4 Qxc4 16. Be3 Bc6 17. Nd2 Qb4 18. Qxb4 cxb4 19. Nc4 Be7 20. Ne5 Bb5 21. Rac1 b6 22. Rc7 f6 23. Nd7+ Kf7 24. Nxb6 axb6 25. Bxb6 Rhe8 26. Bc5 Rxa2 27. f5 Raa8 28. Bxb4 Kg8 29. Rcxe7 Rxe7 30. Rxe7 Ra1+ 31. Re1 Rxe1+ 32. Bxe1 Bd3 1/2-1/2

[Event "Varna op 3rd"]
[Site "Varna"]
[Date "2009.06.16"]
[Round "6"]
[White "Lilov, Valeri"]
[Black "Lilov, Valeri Petrov"]
[Result "1-0"]
[WhiteElo "2411"]
[BlackElo "2165"]
[PlyCount "45"]
[EventDate "2009.06.12"]
[EventType "swiss"]
[EventRounds "9"]
[EventCountry "BUL"]
[SourceTitle "CBM 130 Extra"]
[Source "ChessBase"]
[SourceDate "2009.07.02"]
[SourceVersion "2"]
[SourceVersionDate "2009.07.15"]
[SourceQuality "1"]

1. e4 d5 2. exd5 Qxd5 3. d4 Nf6 4. Nf3 Bg4 5. Be2 Nc6 6. Nc3 Qa5 7. h3 Bxf3 8. Bxf3 Qb6 9. 0-0 0-0-0 10. d5 Ne5 11. Be3 Qxb2 12. Qd4 Nxf3+ 13. gxf3 Qa3 14. Nb5 Qa6 15. Qc5 Rd7 16. Nxa7+ Kd8 17. Nc6+ bxc6 18. dxc6 Rd6 19. Rab1 Qc8 20. Qa7 e5 21. Rb8 Rxc6 22. Rd1+ Rd6 23. Rxd6+ 1-0

[Event "Varna op 3rd"]
[Site "Varna"]
[Date "2009.06.16"]
[Round "5"]
[White "Panbukchian, Valentin"]
[Black "Lilov, Valeri"]
[Result "1-0"]
[WhiteElo "2305"]
[BlackElo "2411"]
[PlyCount "81"]
[EventDate "2009.06.12"]
[EventType "swiss"]
[EventRounds "9"]
[EventCountry "BUL"]
[SourceTitle "CBM 130 Extra"]
[Source "ChessBase"]
[SourceDate "2009.07.02"]
[SourceVersion "2"]
[SourceVersionDate "2009.07.15"]
[SourceQuality "1"]

1. f4 d5 2. Nf3 Bg4 3. e3 Nd7 4. Be2 Ngf6 5. c4 c6 6. cxd5 cxd5 7. Nc3 e6 8. 0-0 Bd6 9. b3 0-0 10. Bb2 a6 11. h3 Bh5 12. g4 Bg6 13. Nh4 Ne4 14. Qe1 Ndc5 15. Nxg6 hxg6 16. d3 Nf6 17. Rd1 b5 18. Bf3 Rc8 19. Bg2 Qb6 20. Kh1 b4 21. Ne2 Be7 22. Ng3 Qb5 23. Qe2 a5 24. g5 Ne8 25. h4 a4 26. h5 axb3 27. axb3 Nxb3 28. hxg6 fxg6 29. Qg4 Qd7 30. Bh3 Rc6 31. Be5 Nc7 32. e4 d4 33. f5 exf5 34. exf5 Qd5+ 35. Bg2 Qxe5 36. Bxc6 Bd6 37. Rf3 gxf5 38. Qh5 Nd5 39. Bxd5+ Qxd5 40. g6 Rf6 41. Nxf5 1-0

[Event "Varna op 3rd"]
[Site "Varna"]
[Date "2009.06.14"]
[Round "3"]
[White "Chrzaszcz, Malvina"]
[Black "Lilov, Valeri"]
[Result "0-1"]
[WhiteElo "2040"]
[BlackElo "2411"]
[PlyCount "46"]
[EventDate "2009.06.12"]
[EventType "swiss"]
[EventRounds "9"]
[EventCountry "BUL"]
[SourceTitle "CBM 130 Extra"]
[Source "ChessBase"]
[SourceDate "2009.07.02"]
[SourceVersion "2"]
[SourceVersionDate "2009.07.15"]
[SourceQuality "1"]

1. e4 e5 2. Nf3 Nc6 3. Bc4 Bc5 4. c3 Nf6 5. d3 d6 6. Nbd2 0-0 7. h3 a6 8. Bb3 d5 9. Qe2 Nh5 10. Nf1 dxe4 11. dxe4 Nf4 12. Bxf4 exf4 13. Rd1 Qf6 14. N1d2 Qg6 15. Nh4 Qg5 16. Ndf3 Qe7 17. Rd5 g6 18. Ng5 Be6 19. Nxe6 fxe6 20. Rxc5 Qxc5 21. Bxe6+ Kh8 22. 0-0 Qe7 23. Qg4 Ne5 0-1

[Event "BUL-chT 59th"]
[Site "Sunny Beach"]
[Date "2009.05.11"]
[Round "4.1"]
[White "Lilov, Valeri"]
[Black "Angelov, Angel"]
[Result "1-0"]
[WhiteElo "2411"]
[BlackElo "2246"]
[PlyCount "47"]
[EventDate "2009.05.08"]
[EventType "team-tourn"]
[EventRounds "7"]
[EventCountry "BUL"]
[SourceTitle "CBM 130 Extra"]
[Source "ChessBase"]
[SourceDate "2009.07.02"]
[SourceVersion "2"]
[SourceVersionDate "2009.07.15"]
[SourceQuality "1"]
[WhiteTeam "Burgas Lukoil-Neftohimik"]
[BlackTeam "Shumen 2005"]
[WhiteTeamCountry "BUL"]
[BlackTeamCountry "BUL"]

1. e4 e5 2. Nf3 Nc6 3. Nc3 Nf6 4. Bb5 Bb4 5. 0-0 0-0 6. d3 Bxc3 7. bxc3 d6 8. Bg5 Ne7 9. Nh4 Ne8 10. Bc4 Be6 11. Bxe6 fxe6 12. d4 h6 13. Bxe7 Qxe7 14. Ng6 Qf6 15. Nxf8 Kxf8 16. Qd2 Ke7 17. f4 exf4 18. Rxf4 Qg5 19. Raf1 Nf6 20. Qe2 Rf8 21. e5 dxe5 22. dxe5 Nd7 23. Rxf8 Nxf8 24. Qf2 1-0

[Event "BUL-chT 59th"]
[Site "Sunny Beach"]
[Date "2009.05.10"]
[Round "3.1"]
[White "Kozhuharov, Spas"]
[Black "Lilov, Valeri"]
[Result "1/2-1/2"]
[WhiteElo "2397"]
[BlackElo "2411"]
[PlyCount "60"]
[EventDate "2009.05.08"]
[EventType "team-tourn"]
[EventRounds "7"]
[EventCountry "BUL"]
[SourceTitle "CBM 130 Extra"]
[Source "ChessBase"]
[SourceDate "2009.07.02"]
[SourceVersion "2"]
[SourceVersionDate "2009.07.15"]
[SourceQuality "1"]
[WhiteTeam "Plovdiv Lokomotiv 2000"]
[BlackTeam "Burgas Lukoil-Neftohimik"]
[WhiteTeamCountry "BUL"]
[BlackTeamCountry "BUL"]

1. d4 Nf6 2. Nf3 e6 3. c4 c5 4. e3 cxd4 5. exd4 b6 6. Nc3 Bb7 7. Bd3 d6 8. 0-0 Be7 9. Re1 0-0 10. Bg5 Nc6 11. a3 d5 12. cxd5 Nxd5 13. Bd2 Nf6 14. Be3 a6 15. Bc2 Qc7 16. Qd3 Rfd8 17. Rad1 Rac8 18. Bb1 b5 19. Ne4 g6 20. Neg5 b4 21. Nxf7 Kxf7 22. Ng5+ Kg8 23. Nxe6 Qd6 24. Ba2 Nd5 25. Qe4 Kh8 26. Bh6 Rd7 27. Nc5 Nf6 28. Qh4 Ng8 29. Qh3 Nxh6 30. Qxh6 Qc7 1/2-1/2